[Event "27. Int. Liechtenstein - OPEN "]
[Site "Triesen"]
[Date "2009.05.16"]
[Round "2.13"]
[White "Kobler, Mario"]
[Black "Csiba, Dominik"]
[Result "1-0"]
[WhiteElo "2096"]
[BlackElo "2377"]
[PlyCount "105"]
[EventDate "2009.05.15"]

1. c4 Nf6 2. g3 g6 3. Bg2 Bg7 4. Nc3 O-O 5. e3 e5 6. Nge2 c6 7. d4 exd4 8. Nxd4
a5 9. O-O Na6 10. b3 d6 11. Bb2 Bg4 12. Qd2 Nc5 13. h3 Bd7 14. e4 a4 15. b4 a3
16. Bc1 Na4 17. Nxa4 Rxa4 18. Rb1 Re8 19. Re1 c5 20. Nc2 Bc6 21. Qd3 cxb4 22.
Rxb4 Nd7 23. Rxa4 Bxa4 24. Nxa3 Nc5 25. Qd2 Qb6 26. Nb5 Be5 27. Nc3 Qa6 28.
Nxa4 Nxa4 29. Qd3 Rc8 30. Bf1 Nc5 31. Qc2 Ne6 32. Be3 Qa5 33. Rb1 b5 34. Qb3
Nd4 35. Bxd4 Bxd4 36. Rd1 Qa7 37. Rd2 bxc4 38. Bxc4 Be5 39. Kg2 Rb8 40. Qd3 Rb4
41. Qd5 Rb1 42. Rd3 Kg7 43. Rf3 Rb7 44. a4 Rc7 45. a5 Qb7 46. Qxb7 Rxb7 47. a6
Rc7 48. Bxf7 Bd4 49. Bd5 Bc5 50. Rc3 Re7 51. f4 Kf8 52. e5 Kg7 53. Bb7 1-0

[Event "27. Int. Liechtenstein - OPEN "]
[Site "Triesen"]
[Date "2009.05.16"]
[Round "2.14"]
[White "Bruehl, Andreas"]
[Black "Goris, Ton"]
[Result "1-0"]
[WhiteElo "2365"]
[BlackElo "2080"]
[PlyCount "79"]
[EventDate "2009.05.15"]

1. d4 e6 2. c4 Nf6 3. Nf3 c5 4. d5 exd5 5. cxd5 d6 6. Nc3 g6 7. g3 Bg7 8. Bg2
O-O 9. O-O Re8 10. Re1 a6 11. a4 Nbd7 12. e4 Qc7 13. Nd2 Ne5 14. h3 Rb8 15. Bf1
c4 16. a5 Bd7 17. Kg2 g5 18. f4 gxf4 19. gxf4 Nd3 20. Bxd3 cxd3 21. Qf3 Rbc8
22. Qxd3 Nh5 23. Qf3 Bxc3 24. Qxh5 Bg7 25. Ra3 f5 26. Rg3 Re7 27. Kh1 Qxa5 28.
Nf3 fxe4 29. Bd2 Qd8 30. Ng5 Bf5 31. Ne6 Bxe6 32. dxe6 Qe8 33. Qxe8+ Rcxe8 34.
f5 Kh8 35. Rxe4 Bxb2 36. Bg5 Rg7 37. f6 Rxg5 38. f7 Rgg8 39. fxg8=Q+ Rxg8 40.
Rxg8+ 1-0

[Event "27. Int. Liechtenstein - OPEN "]
[Site "Triesen"]
[Date "2009.05.16"]
[Round "2.15"]
[White "Tiemann, Christoph"]
[Black "Pribyl, Josef"]
[Result "0-1"]
[WhiteElo "2083"]
[BlackElo "2346"]
[PlyCount "100"]
[EventDate "2009.05.15"]

1. Nf3 Nf6 2. c4 c5 3. d4 cxd4 4. Nxd4 Nc6 5. g3 Qb6 6. Nc2 Ng4 7. e3 d6 8. b3
Nge5 9. Bg2 h5 10. h3 g5 11. Bb2 Bg7 12. Nc3 Nxc4 13. bxc4 Qxb2 14. Nd5 Bc3+
15. Ke2 Ba5 16. Qd3 Ne5 17. Qb3 Qxb3 18. axb3 Bd8 19. Nd4 a6 20. f4 gxf4 21.
exf4 Nd7 22. b4 Rb8 23. Kd3 Rg8 24. Bf3 Rxg3 25. Rag1 h4 26. Rxg3 hxg3 27. h4
e6 28. Nc3 Nf6 29. h5 e5 30. fxe5 dxe5 31. Nde2 Bf5+ 32. Ne4 Be7 33. N2xg3 Bh7
34. Ke3 Ng8 35. h6 Bf8 36. Ng5 Bxh6 37. Rxh6 Nxh6 38. Nxh7 Ke7 39. Ng5 Rg8 40.
Bxb7 Rxg5 41. Ne4 Rg6 42. c5 Nf5+ 43. Kd3 Nd4 44. Nd6 Nb5 45. Nc8+ Kd8 46. Ke4
Kc7 47. c6 Nd6+ 48. Nxd6 Kxd6 49. Kf5 Rg2 50. Bxa6 Rf2+ 0-1

[Event "27. Int. Liechtenstein - OPEN "]
[Site "Triesen"]
[Date "2009.05.16"]
[Round "2.16"]
[White "Hug, Marcel"]
[Black "Mertens, Klaus"]
[Result "1-0"]
[WhiteElo "2300"]
[BlackElo "2075"]
[PlyCount "67"]
[EventDate "2009.05.15"]

1. e4 c5 2. Nc3 e6 3. g3 Nc6 4. Bg2 g6 5. d3 Bg7 6. f4 d6 7. Nf3 Nge7 8. O-O
O-O 9. Be3 Rb8 10. d4 cxd4 11. Nxd4 a6 12. Qd2 Qc7 13. Rad1 Rd8 14. h3 b5 15.
Nce2 Bb7 16. f5 Nxd4 17. Nxd4 e5 18. Nxb5 axb5 19. f6 Bh8 20. fxe7 Qxe7 21. Rf2
Rd7 22. Qb4 Ra8 23. a3 Bc6 24. b3 Bg7 25. Kh2 Qd8 26. h4 Bf8 27. Qc3 Ra6 28.
Bh3 Rc7 29. Qxe5 Rxa3 30. Bc5 Ra8 31. Bxd6 Bxd6 32. Rxd6 Qe8 33. Qf6 Bxe4 34.
Re6 1-0

[Event "27. Int. Liechtenstein - OPEN "]
[Site "Triesen"]
[Date "2009.05.16"]
[Round "2.17"]
[White "Mayr, Manfred"]
[Black "Raykhman, Alexander"]
[Result "1/2-1/2"]
[WhiteElo "2080"]
[BlackElo "2297"]
[PlyCount "55"]
[EventDate "2009.05.15"]

1. Nf3 Nf6 2. g3 g6 3. Bg2 Bg7 4. O-O O-O 5. d3 d5 6. Nbd2 c5 7. e4 Nc6 8. Re1
h6 9. c3 e5 10. exd5 Nxd5 11. Nc4 Re8 12. Qb3 Nb6 13. Be3 Be6 14. Bf1 e4 15.
Nfd2 exd3 16. Qb5 Nxc4 17. Nxc4 Rc8 18. Nd2 c4 19. Qxb7 Bd5 20. Bxa7 Rxe1 21.
Rxe1 Rc7 22. Re8+ Qxe8 23. Qxc7 Qa8 24. Be3 Qxa2 25. Qd6 Qa5 26. Nxc4 Bxc4 27.
Qxc6 Qa2 28. Qb7 1/2-1/2

[Event "27. Int. Liechtenstein - OPEN "]
[Site "Triesen"]
[Date "2009.05.16"]
[Round "2.19"]
[White "Stoffregen, Guenter"]
[Black "Bezler, Rainer"]
[Result "0-1"]
[WhiteElo "1887"]
[BlackElo "2281"]
[PlyCount "60"]
[EventDate "2009.05.15"]

1. e4 e5 2. Nf3 Nc6 3. Bb5 a6 4. Ba4 b5 5. Bb3 Be7 6. O-O Nf6 7. Re1 d6 8. c3
O-O 9. h3 Nd7 10. d4 Nb6 11. Nbd2 exd4 12. cxd4 Na5 13. Bc2 c5 14. Nf1 Nc6 15.
b3 a5 16. a3 a4 17. Bb2 axb3 18. Bxb3 c4 19. Bc2 d5 20. Ng3 Be6 21. Qb1 g6 22.
e5 b4 23. axb4 Nxb4 24. Rd1 Qc7 25. Bc3 Rxa1 26. Bxa1 Bd7 27. Rd2 Nxc2 28. Rxc2
Ba4 29. Rb2 c3 30. Rxb6 c2 0-1

[Event "27. Int. Liechtenstein - OPEN "]
[Site "Triesen"]
[Date "2009.05.16"]
[Round "2.20"]
[White "Vilerte, Tamara"]
[Black "Diller, Peter"]
[Result "1-0"]
[WhiteElo "2238"]
[BlackElo "1864"]
[PlyCount "61"]
[EventDate "2009.05.15"]

1. d4 e6 2. c4 f5 3. Nc3 Nf6 4. Bg5 Bb4 5. Qc2 h6 6. Bxf6 Qxf6 7. Nf3 d6 8.
O-O-O O-O 9. e3 c6 10. h4 Nd7 11. Be2 a6 12. Rhg1 Rf7 13. g4 Bxc3 14. Qxc3 fxg4
15. Rxg4 Nf8 16. Rg2 b5 17. c5 d5 18. Ne5 Rc7 19. h5 Kh8 20. Rdg1 Nh7 21. f4
Bd7 22. Rg6 Qe7 23. Rxh6 Be8 24. Rhg6 Qh4 25. Bf3 Raa7 26. Qc2 Nf8 27. R6g5 Nh7
28. Rh1 Qxh1+ 29. Bxh1 Nxg5 30. fxg5 Bxh5 31. Qh2 1-0

[Event "27. Int. Liechtenstein - OPEN "]
[Site "Triesen"]
[Date "2009.05.17"]
[Round "3.2"]
[White "Pribyl, Josef"]
[Black "Hera, Imre Jr"]
[Result "0-1"]
[WhiteElo "2346"]
[BlackElo "2533"]
[PlyCount "146"]
[EventDate "2009.05.15"]

1. e4 c5 2. Nf3 e6 3. d3 b6 4. g3 Bb7 5. Bg2 d6 6. O-O Be7 7. Qe2 Nf6 8. Nbd2
O-O 9. Re1 Nc6 10. Nf1 Rc8 11. c3 Nd7 12. h4 Nde5 13. N1h2 Nxf3+ 14. Nxf3 Ne5
15. d4 cxd4 16. cxd4 Nxf3+ 17. Bxf3 d5 18. e5 Qd7 19. Be3 Qa4 20. Rec1 Ba6 21.
Qd1 Qb4 22. Qd2 Qxd2 23. Bxd2 Bc4 24. Bg4 a5 25. h5 Bd3 26. h6 g6 27. Bd1 f6
28. f4 f5 29. Kf2 Kf7 30. Ke3 Ba6 31. a3 Bb5 32. Rc3 Rxc3+ 33. bxc3 Rb8 34. a4
Bc4 35. Be2 Bxe2 36. Kxe2 Rc8 37. Kd3 Bf8 38. Kc2 Ke8 39. Kb3 Kd7 40. Be3 Rc4
41. Ra2 Rc7 42. Bc1 Ke8 43. Ba3 Bxa3 44. Rxa3 g5 45. Ra2 Kf7 46. g4 gxf4 47.
gxf5 exf5 48. Rg2 Ke6 49. Rf2 Rc8 50. Rxf4 Rg8 51. Rf3 Rg4 52. Kc2 f4 53. Kd3
Kf5 54. Rf2 Rh4 55. Rg2 Rh3+ 56. Kd2 Rxh6 57. c4 dxc4 58. Kc3 f3 59. Rg8 Ke4
60. Kxc4 Ke3 61. Kd5 Rh4 62. e6 Rxd4+ 63. Kc6 Re4 64. Kd5 f2 65. Rf8 Rxe6 66.
Kxe6 Ke2 67. Kd5 f1=Q 68. Rxf1 Kxf1 69. Kc6 h5 70. Kxb6 h4 71. Kxa5 h3 72. Kb6
h2 73. a5 h1=Q 0-1

[Event "27. Int. Liechtenstein - OPEN "]
[Site "Triesen"]
[Date "2009.05.17"]
[Round "3.3"]
[White "Bogner, Sebastian"]
[Black "Bruehl, Andreas"]
[Result "1-0"]
[WhiteElo "2511"]
[BlackElo "2365"]
[PlyCount "107"]
[EventDate "2009.05.15"]

1. d4 d5 2. c4 c6 3. Nf3 Nf6 4. e3 Bf5 5. Nc3 e6 6. Nh4 Bg6 7. Be2 Nbd7 8. O-O
Bd6 9. g3 Qe7 10. Qb3 Rb8 11. Bd2 O-O 12. Nxg6 hxg6 13. Qc2 dxc4 14. Bxc4 b5
15. Bd3 Rfc8 16. a3 c5 17. Nxb5 cxd4 18. Qd1 dxe3 19. Bxe3 Nc5 20. b4 Nxd3 21.
Qxd3 Rd8 22. Qe2 Rb7 23. Rac1 Nd5 24. Nxd6 Qxd6 25. Bc5 Qd7 26. Qa6 Rc8 27. Qd6
Qxd6 28. Bxd6 Rd8 29. Bc5 a5 30. bxa5 Ra8 31. Rb1 Rxb1 32. Rxb1 Rxa5 33. Rb8+
Kh7 34. Bf8 g5 35. h3 Kg6 36. Kf1 Kf5 37. Ke2 f6 38. Kd3 Ra4 39. Rb7 g6 40. Rb5
Ke5 41. Bb4 f5 42. Ra5 Rxa5 43. Bxa5 Kd6 44. Bd8 g4 45. hxg4 fxg4 46. Kd4 e5+
47. Kc4 Kc6 48. a4 g5 49. a5 Nf4 50. gxf4 gxf4 51. Kd3 Kd5 52. a6 e4+ 53. Ke2
Kc6 54. Kf1 1-0

[Event "27. Int. Liechtenstein - OPEN "]
[Site "Triesen"]
[Date "2009.05.17"]
[Round "3.4"]
[White "Bezler, Rainer"]
[Black "Van Der Weide, Karel"]
[Result "1/2-1/2"]
[WhiteElo "2281"]
[BlackElo "2497"]
[PlyCount "113"]
[EventDate "2009.05.15"]

1. d4 Nf6 2. c4 c5 3. d5 e6 4. Nc3 exd5 5. cxd5 d6 6. e4 g6 7. f4 Bg7 8. Bb5+
Nfd7 9. a4 O-O 10. Nf3 Na6 11. O-O Nb4 12. Re1 a6 13. Bc4 Nb6 14. Bf1 Bg4 15.
Be3 Rc8 16. Qd2 Bxf3 17. gxf3 Qh4 18. Rac1 f5 19. a5 Nd7 20. e5 dxe5 21. d6 Kh8
22. Bg2 exf4 23. Bf2 Qf6 24. Re7 Ne5 25. Rxb7 Nbd3 26. Nd5 Qe6 27. Nxf4 Nxf4
28. Qxf4 Nd3 29. Qc4 Qxd6 30. Rd1 Nxb2 31. Rxd6 Nxc4 32. Rdd7 Bf6 33. f4 Rfd8
34. Rxh7+ Kg8 35. Bf1 Nd6 36. Ra7 c4 37. Rh6 Bg7 38. Rxg6 Ne8 39. Bh4 Kh7 40.
Rgxg7+ Nxg7 41. Bxd8 Rxd8 42. Bxc4 Rd1+ 43. Kg2 Ra1 44. Rxa6 Nh5 45. Ra7+ Kh6
46. a6 Nxf4+ 47. Kf2 Ng6 48. Ke3 Ra4 49. Rc7 Ne5 50. Bb5 f4+ 51. Kd2 Ra2+ 52.
Kc3 f3 53. Re7 Ng4 54. a7 Kg5 55. Rf7 f2 56. Kb3 Ra1 57. Ba4 1/2-1/2

[Event "27. Int. Liechtenstein - OPEN "]
[Site "Triesen"]
[Date "2009.05.17"]
[Round "3.5"]
[White "Farago, Ivan"]
[Black "Hug, Marcel"]
[Result "1-0"]
[WhiteElo "2491"]
[BlackElo "2300"]
[PlyCount "109"]
[EventDate "2009.05.15"]

1. d4 Nf6 2. c4 g6 3. Nc3 Bg7 4. e4 d6 5. Be2 O-O 6. Nf3 Nbd7 7. O-O e5 8. Be3
exd4 9. Nxd4 Re8 10. f3 c6 11. Qd2 Ne5 12. Rad1 a6 13. Nc2 Be6 14. b3 Qa5 15.
Nd4 Bd7 16. Nd5 Qxd2 17. Nxf6+ Bxf6 18. Rxd2 b5 19. c5 dxc5 20. Nc2 c4 21. f4
Nd3 22. Bxd3 cxd3 23. Rxd3 Bg4 24. e5 Be7 25. Rc3 Rac8 26. Bc5 Be6 27. Rc1 Bd8
28. Bf2 f6 29. Nd4 fxe5 30. fxe5 Bg5 31. R1c2 Bd5 32. Nxc6 Bxc6 33. Rxc6 Rxc6
34. Rxc6 Rxe5 35. Rxa6 Rd5 36. h4 Be7 37. a4 bxa4 38. bxa4 Rd1+ 39. Kh2 Kf7 40.
Bg3 h5 41. a5 Bc5 42. Be5 Bg1+ 43. Kg3 Rd5 44. Bh8 Rf5 45. Bc3 Bf2+ 46. Kh3 Rf4
47. g3 Rf3 48. Be5 Rf5 49. Bf4 Rb5 50. Kg2 Be1 51. Ra7+ Ke6 52. a6 Kf5 53. Re7
Bc3 54. Be3 Ra5 55. a7 1-0

[Event "27. Int. Liechtenstein - OPEN "]
[Site "Triesen"]
[Date "2009.05.17"]
[Round "3.6"]
[White "Peredy, Ferenc"]
[Black "Kohlweyer, Bernd"]
[Result "1/2-1/2"]
[WhiteElo "2234"]
[BlackElo "2435"]
[PlyCount "30"]
[EventDate "2009.05.15"]

1. Nf3 c5 2. e4 d6 3. Bb5+ Nd7 4. O-O Ngf6 5. Re1 a6 6. Bf1 b6 7. b3 Bb7 8. d3
g6 9. Bb2 Bg7 10. Nbd2 O-O 11. c3 e5 12. d4 d5 13. exd5 exd4 14. c4 Qc7 15. Qc2
Rfe8 1/2-1/2

[Event "27. Int. Liechtenstein - OPEN "]
[Site "Triesen"]
[Date "2009.05.17"]
[Round "3.7"]
[White "Siebrecht, Sebastian"]
[Black "Habibi, Ali"]
[Result "1-0"]
[WhiteElo "2433"]
[BlackElo "2290"]
[PlyCount "77"]
[EventDate "2009.05.15"]

1. d4 c5 2. d5 Nf6 3. Nc3 g6 4. e4 d6 5. Bb5+ Bd7 6. Be2 Bg7 7. Nf3 O-O 8. O-O
b5 9. e5 dxe5 10. Nxe5 b4 11. Nb1 Bf5 12. Bf3 Be4 13. Bxe4 Nxe4 14. f4 Qb6 15.
Qf3 Nf6 16. Be3 Qd6 17. c4 Nbd7 18. Nd2 Rac8 19. Nc6 Rc7 20. a3 b3 21. Nxb3 e6
22. Rad1 exd5 23. cxd5 Rb7 24. Nba5 Rb5 25. Nc4 Qc7 26. a4 Rb3 27. d6 Qb7 28.
N4a5 Qb6 29. Nxb3 Qxb3 30. Nxa7 Qxa4 31. Nc6 Qb5 32. Rf2 h5 33. h3 Kh7 34. f5
Re8 35. Ne7 Ne5 36. Qe2 c4 37. Bd4 Nfd7 38. Bxe5 Nxe5 39. Rd5 1-0

[Event "27. Int. Liechtenstein - OPEN "]
[Site "Triesen"]
[Date "2009.05.17"]
[Round "3.8"]
[White "Hommeles, Theo"]
[Black "Vilerte, Tamara"]
[Result "1-0"]
[WhiteElo "2415"]
[BlackElo "2238"]
[PlyCount "97"]
[EventDate "2009.05.15"]

1. e4 c5 2. Nf3 Nc6 3. d4 cxd4 4. Nxd4 g6 5. c4 Bg7 6. Be3 Nf6 7. Nc3 Ng4 8.
Qxg4 Nxd4 9. Qd1 Ne6 10. Qd2 O-O 11. Nd5 d6 12. O-O-O Bd7 13. f3 Bc6 14. h4
Bxd5 15. exd5 Nc5 16. h5 Qe8 17. Bd4 Bxd4 18. Qxd4 f6 19. hxg6 Qxg6 20. b4 e5
21. dxe6 Nxe6 22. Qxd6 f5 23. Re1 Rfe8 24. c5 Rad8 25. Qe5 Ng7 26. Bc4+ Kh8 27.
Qb2 Rxe1+ 28. Rxe1 Qg5+ 29. Kb1 h5 30. Re2 Kh7 31. Kc2 Qf4 32. Kb3 Rd4 33. Qc3
Rd7 34. Qe3 Qg3 35. f4 Qg6 36. g3 Qf6 37. Qc3 Qd8 38. Re3 Qf8 39. Re5 Qd8 40.
Re3 Qf8 41. Qe5 Qd8 42. Kc3 Qf8 43. Be6 Nxe6 44. Qxe6 Qg7+ 45. Kb3 Rf7 46. Rd3
a6 47. a4 Rf6 48. Qe8 Rf7 49. Kc4 1-0

[Event "27. Int. Liechtenstein - OPEN "]
[Site "Triesen"]
[Date "2009.05.17"]
[Round "3.9"]
[White "Foisor, Cristina-Adela"]
[Black "Kobler, Mario"]
[Result "1-0"]
[WhiteElo "2423"]
[BlackElo "2096"]
[PlyCount "83"]
[EventDate "2009.05.15"]

1. Nf3 Nf6 2. g3 g6 3. Bg2 Bg7 4. O-O O-O 5. c4 c6 6. d3 d5 7. Nbd2 Bg4 8. h3
Bxf3 9. Bxf3 a5 10. Rb1 Na6 11. b3 Qd7 12. Bg2 b5 13. Bb2 Rac8 14. Nf3 Nc5 15.
Qd2 b4 16. Qe3 Ne6 17. Rfc1 Rb8 18. Ne5 Qb7 19. Nxc6 Qxc6 20. cxd5 Nxd5 21.
Rxc6 Nxe3 22. Bxg7 Kxg7 23. fxe3 Rfc8 24. Rbc1 Rxc6 25. Rxc6 Rb5 26. d4 g5 27.
Kf2 h6 28. Ke1 Nf8 29. Ra6 Nd7 30. Ra7 Nf6 31. Rxe7 Nd5 32. Bxd5 Rxd5 33. Ra7
h5 34. Kd2 g4 35. h4 Kg6 36. Rc7 Rf5 37. Rc6+ f6 38. e4 Rf2 39. e5 Rg2 40.
Rxf6+ Kg7 41. d5 Rxg3 42. d6 1-0

[Event "27. Int. Liechtenstein - OPEN "]
[Site "Triesen"]
[Date "2009.05.17"]
[Round "3.10"]
[White "Hirneise, Tobias"]
[Black "Bacholke, Michael"]
[Result "1-0"]
[WhiteElo "2407"]
[BlackElo "2090"]
[PlyCount "69"]
[EventDate "2009.05.15"]

1. d4 d6 2. Nf3 Nf6 3. c4 Nbd7 4. Nc3 g6 5. e4 e5 6. Be2 Bg7 7. Be3 Ng4 8. Bg5
f6 9. Bc1 Nh6 10. h4 c6 11. h5 g5 12. d5 Nf7 13. Be3 c5 14. Nd2 O-O 15. g4 a6
16. a3 Nh6 17. f3 b6 18. b4 Rb8 19. Rb1 Qc7 20. O-O Re8 21. Qc2 Bf8 22. Rb2 Be7
23. Rfb1 Nf7 24. Qd3 Kg7 25. Bd1 h6 26. Ba4 Rg8 27. Nf1 Nf8 28. Ng3 Nh7 29. Kg2
Rd8 30. Bc6 Nf8 31. Na4 Kh8 32. bxc5 dxc5 33. Qc2 Ne6 34. dxe6 Qxc6 35. exf7
1-0

[Event "27. Int. Liechtenstein - OPEN "]
[Site "Triesen"]
[Date "2009.05.17"]
[Round "3.13"]
[White "Huber, Silvan"]
[Black "Popa, Claudio"]
[Result "0-1"]
[WhiteElo "2130"]
[BlackElo "2218"]
[PlyCount "52"]
[EventDate "2009.05.15"]

1. e4 e5 2. Nf3 Nc6 3. Bc4 Nf6 4. Ng5 d5 5. exd5 Na5 6. Bb5+ c6 7. dxc6 bxc6 8.
Be2 h6 9. Nf3 e4 10. Ne5 Bd6 11. d4 exd3 12. Nxd3 Qc7 13. g3 O-O 14. Bf4 Bxf4
15. Nxf4 Rd8 16. Qc1 Nd5 17. Nxd5 cxd5 18. O-O Bh3 19. Rd1 d4 20. Bf3 Rac8 21.
Na3 Bf5 22. c3 dxc3 23. Rxd8+ Qxd8 24. bxc3 Qd3 25. Qd1 Rxc3 26. Nb1 Qxd1+ 0-1

[Event "27. Int. Liechtenstein - OPEN "]
[Site "Triesen"]
[Date "2009.05.17"]
[Round "3.15"]
[White "Van Heirzeele, Daniel"]
[Black "Guller, Andras"]
[Result "1/2-1/2"]
[WhiteElo "2177"]
[BlackElo "2080"]
[PlyCount "29"]
[EventDate "2009.05.15"]

1. d4 d5 2. c4 c6 3. Nf3 Nf6 4. Nc3 e6 5. g3 Nbd7 6. Bg2 Bd6 7. O-O O-O 8. Nd2
Bb4 9. Qb3 Qe7 10. e4 dxc4 11. Nxc4 e5 12. dxe5 Ng4 13. Bf4 Bc5 14. Nd6 Ndxe5
15. Nxc8 1/2-1/2

[Event "27. Int. Liechtenstein - OPEN "]
[Site "Triesen"]
[Date "2009.05.17"]
[Round "3.16"]
[White "Neuberger, Guido"]
[Black "Mayr, Manfred"]
[Result "1-0"]
[WhiteElo "2165"]
[BlackElo "2080"]
[PlyCount "93"]
[EventDate "2009.05.15"]

1. d4 d6 2. c4 e5 3. Nf3 e4 4. Ng5 f5 5. Nc3 Be7 6. h4 c6 7. g3 Na6 8. f3 h6 9.
Nh3 Nf6 10. Nf4 exf3 11. exf3 O-O 12. Be3 Qe8 13. Qd2 Nh5 14. Nxh5 Qxh5 15. Be2
Nc7 16. O-O-O Qf7 17. d5 c5 18. Bf4 a6 19. a4 b6 20. Bd3 Bd7 21. b3 Rab8 22.
Bc2 b5 23. Qd3 bxc4 24. bxc4 Rb4 25. g4 Ne8 26. Rdg1 h5 27. Bd2 Rb7 28. Ne2 Kh7
29. Nf4 g6 30. Qe3 Qg7 31. Kd1 Qa1+ 32. Ke2 Qe5 33. gxh5 Qxe3+ 34. Bxe3 gxh5
35. Nxh5 Rb2 36. Kd1 Ra2 37. Bg5 Nf6 38. Re1 Bd8 39. Nf4 Ra1+ 40. Ke2 Re8+ 41.
Ne6 Ra2 42. Kd1 Ra1+ 43. Bc1 Bxa4 44. Bxa4 Rxa4 45. Nxd8 Rxd8 46. Re7+ Kg6 47.
h5+ 1-0

[Event "27. Int. Liechtenstein - OPEN "]
[Site "Triesen"]
[Date "2009.05.17"]
[Round "3.17"]
[White "Klings, Peter"]
[Black "Wahl, Peter"]
[Result "1-0"]
[WhiteElo "2152"]
[BlackElo "2043"]
[PlyCount "46"]
[EventDate "2009.05.15"]

1. e4 c6 2. d4 d5 3. e5 Bf5 4. h4 h6 5. g4 Bg6 6. h5 Bh7 7. e6 fxe6 8. Bd3 Bxd3
9. Qxd3 Nf6 10. Qg6+ Kd7 11. Nf3 Qe8 12. Ne5+ Kc7 13. Bf4 Kb6 14. Qd3 a6 15.
Ng6 Rg8 16. f3 Nbd7 17. Nc3 Rc8 18. b4 Ka7 19. a4 Nb6 20. O-O Nc4 21. Rfe1 e5
22. dxe5 Nh7 23. e6 Ng5 1-0

[Event "27. Int. Liechtenstein - OPEN "]
[Site "Triesen"]
[Date "2009.05.17"]
[Round "3.18"]
[White "Csiba, Dominik"]
[Black "Heikkila, Antti"]
[Result "1-0"]
[WhiteElo "2377"]
[BlackElo "2003"]
[PlyCount "163"]
[EventDate "2009.05.15"]

1. e4 d6 2. d4 Nf6 3. Nc3 g6 4. Be3 c6 5. h3 b5 6. e5 b4 7. exf6 bxc3 8. fxe7
Bxe7 9. bxc3 O-O 10. Nf3 Nd7 11. Bd3 Nf6 12. O-O Qa5 13. Re1 Be6 14. c4 Rfe8
15. Bg5 Kg7 16. Qd2 Qxd2 17. Nxd2 d5 18. Rab1 Ne4 19. cxd5 cxd5 20. Bxe7 Nxd2
21. Rb7 Reb8 22. Rc7 Rc8 23. Rxc8 Rxc8 24. Bc5 a5 25. Rd1 Ne4 26. Bxe4 dxe4 27.
a3 f5 28. Rb1 f4 29. Rb7+ Kg8 30. h4 Re8 31. Kf1 Bd5 32. Ra7 Rb8 33. Rxa5 Rb2
34. Bb4 Bc4+ 35. Kg1 Rxc2 36. Re5 Rc1+ 37. Kh2 Rf1 38. Rxe4 Rxf2 39. Re5 Re2
40. Rxe2 Bxe2 41. Bd2 f3 42. gxf3 Bxf3 43. Kg3 Bd1 44. Kf4 Kf7 45. Ke5 Ke7 46.
d5 Kd7 47. Bf4 Bc2 48. Kd4 Ba4 49. Kc3 Bd1 50. Kc4 Be2+ 51. Kb4 Bf3 52. Kc5 Bd1
53. Kd4 Bb3 54. Ke5 Ke7 55. Bg5+ Kd7 56. Bd2 Bc2 57. Bf4 Bb3 58. d6 Bc2 59. Kf6
Ke8 60. Ke5 Kd7 61. Kd5 Bd1 62. Kc5 Bc2 63. Bh6 Bd1 64. Bf8 Kd8 65. Kb5 Kd7 66.
Kc5 Bc2 67. Bg7 Bd1 68. Be5 Ke6 69. Bf4 Ba4 70. Kb4 Bd7 71. Kc4 Kf5 72. Bg5 Ke5
73. Kc5 Ke6 74. Bd2 Be8 75. Bf4 Kf5 76. Bg5 Ke6 77. Bd2 Ke5 78. Be1 Ke6 79. Bg3
h6 80. Bf4 h5 81. Bg3 Bd7 82. Kb4 1-0

[Event "27. Int. Liechtenstein - OPEN "]
[Site "Triesen"]
[Date "2009.05.17"]
[Round "3.19"]
[White "Frey, Alisa"]
[Black "Lacrosse, Marc"]
[Result "1-0"]
[WhiteElo "1984"]
[BlackElo "2216"]
[PlyCount "79"]
[EventDate "2009.05.15"]

1. d4 d5 2. c4 e6 3. Nc3 Nf6 4. Nf3 c6 5. cxd5 exd5 6. Bf4 Bf5 7. h3 Qb6 8. Qb3
h6 9. Qxb6 axb6 10. e3 b5 11. a4 Nbd7 12. Kd2 Bb4 13. Bd3 Bxd3 14. axb5 Ke7 15.
Kxd3 Bxc3 16. bxc3 Ne4 17. Bg3 cxb5 18. Nd2 Ndf6 19. Nxe4 Nxe4 20. Bh4+ Kd7 21.
f3 Nd6 22. Rhb1 Kc6 23. e4 Rxa1 24. Rxa1 Re8 25. Re1 Re6 26. Bg3 Nc4 27. Rb1
Rg6 28. exd5+ Kb6 29. Bh4 Rxg2 30. Bd8+ Ka7 31. Rxb5 Nd6 32. Rc5 Rg6 33. Bc7 b6
34. Rc6 Ne8 35. Bxb6+ Kb7 36. Rxg6 fxg6 37. Bd8 Kc8 38. Be7 Kd7 39. Bf8 g5 40.
Ke4 1-0

[Event "27. Int. Liechtenstein - OPEN "]
[Site "Triesen"]
[Date "2009.05.17"]
[Round "3.20"]
[White "Keller, Manfred"]
[Black "Ferk, Martin"]
[Result "1/2-1/2"]
[WhiteElo "2202"]
[BlackElo "1974"]
[PlyCount "69"]
[EventDate "2009.05.15"]

1. e4 e6 2. d4 d5 3. Nc3 dxe4 4. Nxe4 Nd7 5. Nf3 Ngf6 6. Bd3 c5 7. Nxf6+ Nxf6
8. dxc5 Bxc5 9. Qe2 Qc7 10. O-O O-O 11. Bg5 b6 12. Bxf6 gxf6 13. Qe4 f5 14. Qh4
f6 15. Rfe1 e5 16. Qc4+ Kh8 17. b4 Bd6 18. Qxc7 Bxc7 19. Nh4 f4 20. Rad1 Be6
21. Bf5 Bxf5 22. Nxf5 Rad8 23. c4 Kg8 24. f3 Kf7 25. Kf2 Rxd1 26. Rxd1 Rd8 27.
Rxd8 Bxd8 28. Nd6+ Ke6 29. Nb5 a5 30. bxa5 bxa5 31. Ke2 Bb6 32. Kd3 f5 33. Nc3
h5 34. Nd5 Bd8 35. Nc3 1/2-1/2

[Event "27. Int. Liechtenstein - OPEN "]
[Site "Triesen"]
[Date "2009.05.18"]
[Round "4.2"]
[White "Siebrecht, Sebastian"]
[Black "Bogner, Sebastian"]
[Result "0-1"]
[WhiteElo "2433"]
[BlackElo "2511"]
[PlyCount "74"]
[EventDate "2009.05.15"]

1. d4 Nf6 2. c4 g6 3. Nc3 Bg7 4. e4 d6 5. Nf3 O-O 6. Be2 e5 7. d5 a5 8. Be3 Ng4
9. Bg5 f6 10. Bh4 Qe8 11. Nd2 f5 12. h3 Nf6 13. g4 Na6 14. f3 Bd7 15. Bd3 Nc5
16. Bc2 fxg4 17. hxg4 h5 18. Bxf6 Bxf6 19. gxh5 gxh5 20. Qe2 h4 21. O-O-O Qh5
22. Qe3 Kh8 23. Rdg1 Rg8 24. Ne2 Rxg1+ 25. Qxg1 Rg8 26. Qf2 h3 27. f4 Bh4 28.
Qe3 Rg2 29. Bd1 Bg4 30. fxe5 Bg5 31. Qd4 Bxd2+ 32. Kb1 Kg8 33. exd6 cxd6 34.
Qxd2 Bxe2 35. Qxa5 Bd3+ 36. Ka1 Qg5 37. Qc3 h2 0-1

[Event "27. Int. Liechtenstein - OPEN "]
[Site "Triesen"]
[Date "2009.05.18"]
[Round "4.3"]
[White "Dgebuadze, Alexandre"]
[Black "Hommeles, Theo"]
[Result "1/2-1/2"]
[WhiteElo "2539"]
[BlackElo "2415"]
[PlyCount "100"]
[EventDate "2009.05.15"]

1. e4 c5 2. Nf3 d6 3. d4 cxd4 4. Nxd4 Nf6 5. Nc3 Nc6 6. Bc4 Qb6 7. Nde2 e6 8.
O-O Be7 9. Bb3 O-O 10. Qd3 a6 11. Qg3 Kh8 12. Kh1 Qc5 13. Be3 Qh5 14. f3 b5 15.
Nf4 Qe5 16. Qf2 Nd7 17. Nd3 Qf6 18. f4 Bb7 19. Rad1 Na5 20. Qe2 Nxb3 21. axb3
Rac8 22. f5 e5 23. Nb4 Qh4 24. Nbd5 Bg5 25. Bf2 Qh6 26. Rd3 g6 27. Rh3 Qg7 28.
Be3 Bxe3 29. Qxe3 Nf6 30. Nxf6 Qxf6 31. Qh6 Qg7 32. Qd2 Qf6 33. Rff3 g5 34. Rd3
Rxc3 35. Rxc3 Bxe4 36. Qe1 Qxf5 37. Rh6 d5 38. Rch3 Qf4 39. Kg1 Bg6 40. Re3 f6
41. c3 d4 42. Rf3 Qg4 43. h4 d3 44. Qf2 Kg7 45. hxg5 Qxg5 46. Rfh3 Qf5 47.
Rxg6+ hxg6 48. Qa7+ Rf7 49. Qa8 Rf8 50. Qa7+ Rf7 1/2-1/2

[Event "27. Int. Liechtenstein - OPEN "]
[Site "Triesen"]
[Date "2009.05.18"]
[Round "4.4"]
[White "Van Der Weide, Karel"]
[Black "Raykhman, Alexander"]
[Result "1-0"]
[WhiteElo "2497"]
[BlackElo "2297"]
[PlyCount "75"]
[EventDate "2009.05.15"]

1. e4 c5 2. Nf3 d6 3. d3 Nc6 4. g3 g6 5. Bg2 Bg7 6. O-O e5 7. c3 Nge7 8. a3 O-O
9. b4 h6 10. Nbd2 f5 11. exf5 gxf5 12. Qb3+ Kh7 13. Bb2 b6 14. Nh4 d5 15. f4 e4
16. dxe4 dxe4 17. Nxe4 fxe4 18. Bxe4+ Kh8 19. Rad1 Qc7 20. f5 Rb8 21. b5 Ne5
22. c4 Bb7 23. Rde1 Kg8 24. Bxb7 Rxb7 25. Qe3 Nf3+ 26. Rxf3 Bxb2 27. Qe6+ Kg7
28. Ng6 Nxg6 29. Qxg6+ Kh8 30. Qxh6+ Kg8 31. f6 Qh7 32. Qg5+ Kh8 33. Re7 Rxe7
34. fxe7 Qb1+ 35. Kg2 Qc2+ 36. Kh3 Qh7+ 37. Qh4 Qxh4+ 38. Kxh4 1-0